| 000 | 00958nam0a22002531 4500 | ||
|---|---|---|---|
| 001 | RU\INFOCOMM_322\NLR\5000186621 | ||
| 005 | 20250613110835.0 | ||
| 035 | _a(NLR Aleph) 009575685 | ||
| 090 |
_a9158015 _c9158015 |
||
| 100 | _a20130220d1933 |||y0rusy50 ca | ||
| 101 | 0 | _ager | |
| 102 | _aRU | ||
| 105 | _ay z ||||| | ||
| 200 | 1 |
_a... Der Klassenkampf im zweiten fünfjahrplan _e[Abhandlungens Sammlung] _fL. Mechlis |
|
| 210 |
_aMoskau _aLeningrad _cVerlagsgenossenschaft für ausländischer Arbeiter in der UdSSR _d1933 _eMoskau _g"Internationale" Druck. |
||
| 215 |
_a48 с., без т. л. _d(21×15) см |
||
| 300 | _aНа 4 с. обл.: "Л. Мехлис: Классовая борьба во второй пятилетке" | ||
| 620 | _aМосква | ||
| 700 | 1 |
_aMechlis _bL. Z. _f1889-1953 _gLev Zacharovic |
|
| 801 | 1 |
_aRU _bInfocomm _c20130220 |
|
| 801 | 0 |
_aRU _bINFOCOMM _gPSBO |
|
| 852 |
_aNLR _jЕ-10/800 _y2 экз. |
||
| 942 | _cBOOK | ||
| 980 | _aNB | ||